000 00754nam a2200205Ii 4500
003 JO-AjNU
008 230605s9999||||xx |||||||||||||| ||und||
040 _aJO-AjNU
_bara
_erda
_cJO-AjNU
041 _aara
050 1 4 _aDS79.66.B39.D87 2006
100 3 _aالدوري، سيف الدين,
_eauthor
_913218
245 0 0 _aعبد الرحمن البزاز: أول رئيس وزراء مدني في العراق الجمهوري
250 _aط1
264 3 1 _aبيروت: المؤسسة العربية للدراسات والنشر، 2006
300 _a192ص
336 _atext
_btxt
_2rdacontent
337 _aunmediated
_bn
_2rdamedia
338 _avolume
_bnc
_2rdacarrier
650 4 _aالعراق-عبد الرحمن البزاز-تاريخ
_913219
999 _aA3233
_c6801
_d6801